| 000 | 00406nam a22001457a 4500 | ||
|---|---|---|---|
| 005 | 20250224172016.0 | ||
| 008 | 250224b |||||||| |||| 00| 0 eng d | ||
| 020 | _a9780764204067 | ||
| 050 |
_aBV 210.3S53 SHE _b1 |
||
| 100 | _aSHEETS, Dutch | ||
| 245 |
_aAuthority in prayer: _bPraying with power with power and purpose |
||
| 260 |
_aMinneapolis _bBethanyHouse _c2006 |
||
| 300 | _a185p | ||
| 942 |
_2lcc _cBK _n0 |
||
| 999 |
_c4267 _d4267 |
||